| 000 | 00969nam a2200277 i 4500 | ||
|---|---|---|---|
| 001 | 9580 | ||
| 003 | ES-MaACL | ||
| 005 | 20230906145719.0 | ||
| 007 | t| | ||
| 008 | 931110s1992 sp ||||1| spa d | ||
| 020 | _a84-7615-789-4 | ||
| 080 | _a55.07 | ||
| 100 | 1 |
_aErickson, Jon. _947389 |
|
| 245 | 1 | 3 |
_aEl Efecto invernadero _b: el desastre de mañana, hoy / _cJon Erickson ; traducción, Ignacio Español Echaniz ; revisión técnica, Rosa M. Arce Ruiz. |
| 260 |
_aMadrid : _bMcGraw-Hill, _cD.L.1992. |
||
| 300 |
_aXI, 217, [4] p. de lám. col. : _bil. ; _c21 cm. |
||
| 490 | 1 | _aSerie McGraw-Hill de divulgación científica | |
| 500 | _aIndices. | ||
| 504 | _aBibliografía : p.203-207. | ||
| 650 | 1 | 4 |
_aEfecto invernadero. _912129 |
| 700 | 1 |
_aEspañol Echaniz, Ignacio. _947769 |
|
| 700 | 1 |
_aArce Ruiz, Rosa M. _922465 |
|
| 830 | 0 |
_aSerie McGraw-Hill de divulgación científica _9178515 |
|
| 852 |
_aES-MaACL _jL-17106 _bR.122059 |
||
| 999 |
_c9580 _d9580 |
||